[Event "5eme Open International de La Fere"]
[Site "La Fere (FRA)"]
[Date "2006.07.12"]
[Round "7.25"]
[White "Manet, Eric"]
[Black "Brobecker, Alain"]
[Result "1-0"]
[WhiteElo "1999"]
[BlackElo "1763"]
[PlyCount "57"]
[EventDate "2006.07.12"]

1. e4 d6 2. d4 Nf6 3. Nc3 g6 4. f4 Bg7 5. Nf3 c5 6. dxc5 Qa5 7. Bd3 Qxc5 8. Qe2
Bd7 9. Be3 Qc7 10. O-O O-O 11. h3 Bc6 12. Nd4 Nbd7 13. Ncb5 Qb8 14. Nc3 Qc7 15.
Qf2 Nc5 16. Nxc6 Qxc6 17. Bxc5 dxc5 18. e5 Nd7 19. Bb5 Qe6 20. Bxd7 Qxd7 21.
Qxc5 Rfc8 22. Qf2 e6 23. Rad1 Qc7 24. Rc1 Bf8 25. Ne4 Qc4 26. Nf6+ Kg7 27. Qh4
Bc5+ 28. Kh1 h6 29. Ng4 1-0

[Event "5eme Open International de La Fere"]
[Site "La Fere (FRA)"]
[Date "2006.07.12"]
[Round "7.26"]
[White "Holland, Christophe"]
[Black "Mataigne, Jean-Michel"]
[Result "0-1"]
[WhiteElo "1751"]
[BlackElo "1963"]
[PlyCount "66"]
[EventDate "2006.07.12"]

1. d4 Nf6 2. Nf3 g6 3. Bf4 Bg7 4. Nc3 d6 5. Qd2 Nbd7 6. e4 c5 7. Bc4 O-O 8. Bh6
cxd4 9. Nxd4 Ne5 10. Bb3 Bd7 11. O-O Rc8 12. Bxg7 Kxg7 13. Qe2 Qb6 14. Rad1 a5
15. a3 a4 16. Nxa4 Bxa4 17. Bxa4 Qxb2 18. Bb3 Qxa3 19. f4 Qc5 20. fxe5 dxe5 21.
Qb5 exd4 22. Qxc5 Rxc5 23. Rxd4 Re5 24. Bd5 Rd8 25. Rfd1 b5 26. Bc6 Rxd4 27.
Rxd4 Rc5 28. e5 Rxc6 29. exf6+ Kxf6 30. Rb4 Rc5 31. Rb2 Ke5 32. Kf2 Kd4 33. Rb3
Rxc2+ 0-1

[Event "5eme Open International de La Fere"]
[Site "La Fere (FRA)"]
[Date "2006.07.12"]
[Round "7.27"]
[White "Dubois, Vincent"]
[Black "Godart, Francois"]
[Result "0-1"]
[WhiteElo "1672"]
[BlackElo "1952"]
[PlyCount "66"]
[EventDate "2006.07.12"]

1. e4 c6 2. d4 d5 3. exd5 cxd5 4. c4 Nf6 5. Nc3 Be6 6. c5 Nc6 7. Bg5 Ne4 8.
Nxe4 dxe4 9. Bb5 Qa5+ 10. Qd2 Qxb5 11. Ne2 Qd3 12. Rd1 Qxd2+ 13. Rxd2 O-O-O 14.
a3 h6 15. Bh4 g5 16. Bg3 Bg7 17. h4 Nxd4 18. Nxd4 Rxd4 19. Rxd4 Bxd4 20. b4 f5
21. hxg5 hxg5 22. Rxh8+ Bxh8 23. f4 gxf4 24. Bxf4 Bb2 25. Bd2 Bxa3 26. Ke2 Kc7
27. Ke3 Kc6 28. g4 fxg4 29. Kxe4 Kb5 30. Bg5 Bxb4 31. Bxe7 Bxc5 32. Bf6 g3 33.
Kf3 Bf2 0-1

[Event "5eme Open International de La Fere"]
[Site "La Fere (FRA)"]
[Date "2006.07.12"]
[Round "7.28"]
[White "Timmermans, Eric"]
[Black "Vandervorst, Marc"]
[Result "1-0"]
[WhiteElo "1730"]
[BlackElo "1932"]
[PlyCount "95"]
[EventDate "2006.07.12"]

1. e4 e5 2. Nf3 Nc6 3. Bb5 Bc5 4. d3 a6 5. Bxc6 dxc6 6. O-O Bg4 7. h3 Bh5 8. g4
Bg6 9. Nxe5 Qh4 10. Qf3 Ne7 11. Bf4 h5 12. g5 f6 13. gxf6 gxf6 14. Nxg6 Nxg6
15. Qg3 Rg8 16. Qxh4 Nxh4+ 17. Kh1 O-O-O 18. Nd2 Ng6 19. Be3 Bd6 20. f4 Rde8
21. f5 Ne7 22. Rg1 Rxg1+ 23. Rxg1 Nxf5 24. Bf2 Bf4 25. Nf1 Nd6 26. Ng3 h4 27.
Ne2 Bg5 28. Nd4 Nf7 29. Nf3 b6 30. Bxh4 Bxh4 31. Nxh4 Rh8 32. Rg4 Kd7 33. Kg2
Ke6 34. Nf5 c5 35. Rg7 c4 36. d4 c6 37. Kg3 b5 38. h4 a5 39. Kf4 Rd8 40. d5+
cxd5 41. Nd4+ Ke7 42. Nc6+ Kf8 43. Rxf7+ Kxf7 44. Nxd8+ Ke7 45. Nc6+ Kd6 46.
exd5 Kxd5 47. Nxa5 b4 48. Nxc4 1-0

[Event "5eme Open International de La Fere"]
[Site "La Fere (FRA)"]
[Date "2006.07.12"]
[Round "7.29"]
[White "Mestdagh, Franck"]
[Black "Belloc, Sidonie"]
[Result "1-0"]
[WhiteElo "1901"]
[BlackElo "1771"]
[PlyCount "69"]
[EventDate "2006.07.12"]

1. e4 e6 2. d4 d5 3. Nc3 Nf6 4. e5 Nfd7 5. f4 c5 6. Nf3 a6 7. Be3 Nc6 8. g3 Qb6
9. a3 cxd4 10. Nxd4 Nxd4 11. Bxd4 Qc7 12. Qd2 Be7 13. Bg2 b5 14. O-O Nb6 15.
Qf2 Rb8 16. Rad1 O-O 17. g4 f6 18. Rd3 Nd7 19. Qh4 Qd8 20. Nxd5 Bb7 21. Nxe7+
Qxe7 22. exf6 Nxf6 23. g5 Nd5 24. Rh3 g6 25. Be5 Rbc8 26. Qf2 Qc5 27. Qxc5 Rxc5
28. Bd6 Rxc2 29. Bxf8 Kxf8 30. Rxh7 Bc6 31. Re1 Nxf4 32. Bxc6 Rxc6 33. Rd1 Nd5
34. Rf1+ Ke8 35. Rff7 1-0

[Event "5eme Open International de La Fere"]
[Site "La Fere (FRA)"]
[Date "2006.07.12"]
[Round "7.30"]
[White "Pierret, Aralia"]
[Black "Marchal, Chantal"]
[Result "0-1"]
[WhiteElo "1640"]
[BlackElo "1900"]
[PlyCount "86"]
[EventDate "2006.07.12"]

1. e4 c5 2. Nf3 d6 3. Nc3 a6 4. d4 cxd4 5. Nxd4 Nf6 6. h3 e6 7. Be3 b5 8. a3
Bb7 9. Bd3 Nbd7 10. b4 Rc8 11. Bd2 Be7 12. O-O O-O 13. Nf3 Nb6 14. Qe2 Nc4 15.
Rfe1 Nxd2 16. Qxd2 Qc7 17. Na2 Nd7 18. Qc1 Nb6 19. Nd2 Bf6 20. Rb1 d5 21. exd5
Bxd5 22. Nb3 Qc6 23. f3 Nd7 24. Qd2 Ne5 25. Rbc1 Nc4 26. Bxc4 Qxc4 27. Re2 Bb2
28. Rd1 Bxa3 29. Qe1 Bb2 30. Nac1 Bc3 31. Qg3 Bxb4 32. Rd4 Bc5 33. Nxc5 Qxc5
34. Qf2 Bc4 35. Red2 a5 36. Kh1 Bd5 37. h4 Qe7 38. Qg3 Rc4 39. Rxc4 Bxc4 40.
Rd4 e5 41. Rg4 f5 42. Rg5 h6 43. Rg6 Rf6 0-1

[Event "5eme Open International de La Fere"]
[Site "La Fere (FRA)"]
[Date "2006.07.12"]
[Round "7.31"]
[White "Roux, Jean-Francois"]
[Black "Feryn, Benjamin"]
[Result "1/2-1/2"]
[WhiteElo "1630"]
[BlackElo "1887"]
[PlyCount "75"]
[EventDate "2006.07.12"]

1. c4 Nf6 2. Nc3 g6 3. Nf3 Bg7 4. g3 O-O 5. Bg2 d6 6. O-O e5 7. d3 Nc6 8. Rb1
Nd7 9. Nd5 Ne7 10. Nc3 f5 11. Ng5 Nf6 12. Qb3 c5 13. a4 Nc6 14. Nf3 Qe7 15. Bg5
h6 16. Nd5 Qf7 17. Nxf6+ Bxf6 18. Bxf6 Qxf6 19. Qc3 g5 20. e3 Qg6 21. Nd2 Bd7
22. Bd5+ Be6 23. Bxe6+ Qxe6 24. f4 exf4 25. exf4 gxf4 26. Rbe1 Qf6 27. Qxf6
Rxf6 28. Rxf4 Ne5 29. Re3 Re8 30. Ne4 Rfe6 31. Rxf5 Kg7 32. Nxd6 Rxd6 33. Rfxe5
Rxe5 34. Rxe5 Rxd3 35. Rxc5 Rd1+ 36. Kg2 Rd2+ 37. Kh3 Rxb2 38. Rb5 1/2-1/2

[Event "5eme Open International de La Fere"]
[Site "La Fere (FRA)"]
[Date "2006.07.12"]
[Round "7.32"]
[White "Delescluse, Oriane"]
[Black "Delmotte, Eric"]
[Result "0-1"]
[WhiteElo "1490"]
[BlackElo "1861"]
[PlyCount "56"]
[EventDate "2006.07.12"]

1. d4 Nf6 2. c4 c5 3. d5 b5 4. b3 bxc4 5. bxc4 g6 6. Nc3 Bg7 7. e3 Ne4 8. Nxe4
Bxa1 9. Nxc5 Bg7 10. Bd2 O-O 11. Bd3 Qb6 12. Nb3 d6 13. Qf3 Nd7 14. Qg3 Ba6 15.
Nf3 Rac8 16. Qh4 Bf6 17. Ng5 Bxg5 18. Qxg5 Ne5 19. Be2 Bxc4 20. Bxc4 Rxc4 21.
Qxe7 Rc2 22. O-O Rxa2 23. e4 Qxb3 24. Bh6 Nd7 25. Qxd7 Rb8 26. h3 Qb6 27. Qe7
Qd8 28. Qxd8+ Rxd8 0-1

[Event "5eme Open International de La Fere"]
[Site "La Fere (FRA)"]
[Date "2006.07.12"]
[Round "7.33"]
[White "Cuvelier, Julien"]
[Black "Diener, Jean-Denis"]
[Result "1-0"]
[WhiteElo "1850"]
[BlackElo "1761"]
[PlyCount "73"]
[EventDate "2006.07.12"]

1. d4 Nf6 2. Nf3 d5 3. e3 g6 4. Be2 Bg7 5. Nbd2 O-O 6. b3 c5 7. Bb2 cxd4 8.
exd4 Nc6 9. O-O Qc7 10. Rc1 Ng4 11. c4 dxc4 12. h3 Nf6 13. Nxc4 Bh6 14. Ne3 Qb6
15. Bc4 Rd8 16. Re1 Nb4 17. a3 Nbd5 18. Ne5 Be6 19. Qf3 Nxe3 20. fxe3 Bxc4 21.
Rxc4 Qxb3 22. Rb4 Qe6 23. Rxb7 Rdc8 24. e4 Rab8 25. d5 Qd6 26. Rxb8 Qxb8 27.
Nc6 Qxb2 28. Nxe7+ Kf8 29. Nxc8 Qd4+ 30. Qf2 Qc3 31. Nxa7 Bd2 32. Re2 Qc1+ 33.
Kh2 Bf4+ 34. g3 Be5 35. Nc6 Qc3 36. Nxe5 Qxe5 37. Qf4 1-0

[Event "5eme Open International de La Fere"]
[Site "La Fere (FRA)"]
[Date "2006.07.12"]
[Round "7.34"]
[White "Turlin, Simon"]
[Black "Wolfangel, Claude"]
[Result "0-1"]
[WhiteElo "1490"]
[BlackElo "1843"]
[PlyCount "62"]
[EventDate "2006.07.12"]

1. e4 d5 2. exd5 Qxd5 3. Nc3 Qd6 4. d4 Nf6 5. Bc4 a6 6. Nf3 b5 7. Bd3 Bb7 8.
Bg5 Nbd7 9. O-O Ng4 10. g3 e6 11. Re1 Ngf6 12. Bf1 Be7 13. Bf4 Qc6 14. Bg2 O-O
15. Nh4 Qb6 16. d5 Bc5 17. Be3 e5 18. Nf3 Rfe8 19. b4 Bxe3 20. Rxe3 Ng4 21. Re2
e4 22. Nxe4 Rxe4 23. Rxe4 Nxf2 24. Qd4 Nxe4 25. Qxb6 Nxb6 26. d6 Nxd6 27. Re1
Kf8 28. Ne5 Bxg2 29. Kxg2 Re8 30. Kf2 Nbc4 31. Nxc4 Rxe1 0-1

[Event "5eme Open International de La Fere"]
[Site "La Fere (FRA)"]
[Date "2006.07.12"]
[Round "7.35"]
[White "Oprandi, William"]
[Black "Pierret, Maeva"]
[Result "1-0"]
[WhiteElo "1580"]
[BlackElo "1470"]
[PlyCount "67"]
[EventDate "2006.07.12"]

1. e4 e5 2. Nf3 d6 3. Bc4 Nf6 4. Nc3 Be7 5. d4 exd4 6. Nxd4 Nbd7 7. Nf5 O-O 8.
Nxe7+ Qxe7 9. Qf3 Re8 10. Bg5 Qe5 11. Bxf6 Nxf6 12. Bd3 Re7 13. Qe2 Bd7 14.
O-O-O Qg5+ 15. Kb1 Qxg2 16. Rdg1 Qh3 17. Rg3 Qh6 18. f3 Re5 19. Qg2 Nh5 20. f4
Qxf4 21. Rf1 Qh6 22. Rgf3 Rf8 23. Bc4 Nf6 24. Rxf6 Qh5 25. Rg1 g6 26. Qf2 Be8
27. Rf1 Re7 28. Nb5 Qh6 29. Nxa7 c6 30. Nc8 Rd7 31. Nxd6 Qg7 32. Nxe8 Rxe8 33.
Bxf7+ Rxf7 34. Rxf7 1-0

[Event "5eme Open International de La Fere"]
[Site "La Fere (FRA)"]
[Date "2006.07.12"]
[Round "7.36"]
[White "Mathieu, Roger"]
[Black "Belafkih, Kimia"]
[Result "1-0"]
[WhiteElo "1560"]
[BlackElo "1450"]
[PlyCount "75"]
[EventDate "2006.07.12"]

1. e4 e5 2. Nf3 Nc6 3. Bc4 Nf6 4. O-O d6 5. d3 Bg4 6. h3 Be6 7. Bb3 Qd7 8. Ng5
Bxb3 9. axb3 h6 10. Nf3 Be7 11. Be3 O-O 12. Nc3 a6 13. Ne2 Rad8 14. Ng3 d5 15.
Qe2 d4 16. Bd2 Nb4 17. Bxb4 Bxb4 18. Nxe5 Qe6 19. Nf3 Rfe8 20. Nf5 c5 21. Ng3
Nd5 22. Nh2 f5 23. f4 fxe4 24. Nxe4 Rf8 25. f5 Rxf5 26. Rxf5 Qxf5 27. Rf1 Qe6
28. Nf6+ Qxf6 29. Rxf6 Nxf6 30. Qe7 Rb8 31. Nf3 b5 32. Nh4 Re8 33. Qb7 Re1+ 34.
Kf2 h5 35. g4 Re3 36. Nf5 Be1+ 37. Kg2 Re2+ 38. Kf1 1-0

[Event "5eme Open International de La Fere"]
[Site "La Fere (FRA)"]
[Date "2006.07.12"]
[Round "7.37"]
[White "Manet, Anthony"]
[Black "Nevednichy, Alexandra"]
[Result "0-1"]
[WhiteElo "1530"]
[BlackElo "1099"]
[PlyCount "60"]
[EventDate "2006.07.12"]

1. e4 e5 2. Nf3 Nc6 3. Bb5 Bd6 4. O-O Nf6 5. d3 O-O 6. Bg5 h6 7. Be3 a6 8. Ba4
Ng4 9. Qd2 Nd4 10. Nxd4 exd4 11. Bf4 Qf6 12. Bxd6 Qxd6 13. g3 Qe5 14. c3 Qh5
15. f3 Ne5 16. Qe2 c5 17. cxd4 cxd4 18. Nd2 Rd8 19. Bb3 d6 20. Nc4 d5 21. Nxe5
Qxe5 22. Rac1 Bh3 23. Rf2 Rac8 24. Rxc8 Rxc8 25. Qd1 dxe4 26. dxe4 Qg5 27. f4
Qc5 28. Rd2 d3+ 29. Kh1 Qe3 30. Bd5 Rc2 0-1

[Event "5eme Open International de La Fere"]
[Site "La Fere (FRA)"]
[Date "2006.07.12"]
[Round "7.38"]
[White "Beltri, Gilles"]
[Black "Barbry, Quentin"]
[Result "1-0"]
[WhiteElo "1400"]
[BlackElo "1510"]
[PlyCount "55"]
[EventDate "2006.07.12"]

1. e4 e5 2. Nf3 Nc6 3. Bc4 Bc5 4. d3 d6 5. c3 Bg4 6. a4 a5 7. O-O Nf6 8. Bg5 h6
9. Bxf6 Qxf6 10. Nbd2 O-O 11. Qb3 Rab8 12. Ne1 Be2 13. Nef3 Bxf1 14. Rxf1 Qe7
15. Ne1 Qd7 16. Nc2 Rbe8 17. Ne3 Kh8 18. Nf5 Rb8 19. Qd1 Ne7 20. g4 Ng6 21. g5
Nf4 22. Nf3 Nh3+ 23. Kg2 Nxg5 24. Nxg5 hxg5 25. Qh5+ Kg8 26. Qxg5 g6 27. Qxg6+
Kh8 28. Qg7# 1-0

[Event "5eme Open International de La Fere"]
[Site "La Fere (FRA)"]
[Date "2006.07.12"]
[Round "7.39"]
[White "Lonnoy, Simon"]
[Black "Flandre, Xavier"]
[Result "1-0"]
[WhiteElo "1640"]
[BlackElo "1916"]
[PlyCount "35"]
[EventDate "2006.07.12"]

1. e4 e5 2. Nf3 Nc6 3. Bc4 Nf6 4. Nc3 Be7 5. O-O O-O 6. d3 d6 7. h3 Be6 8. Bb3
h6 9. Be3 Qd7 10. Re1 Kh8 11. Ne2 Nh7 12. Ng3 Rad8 13. Qd2 Bf6 14. Qc1 Ne7 15.
Nh5 Ng6 16. Bxh6 gxh6 17. Qxh6 Qe7 18. Ng5 1-0

[Event "5eme Open International de La Fere"]
[Site "La Fere (FRA)"]
[Date "2006.07.12"]
[Round "7.40"]
[White "Casier, Fabrice"]
[Black "Daniel, Antoine"]
[Result "1/2-1/2"]
[WhiteElo "1891"]
[BlackElo "1630"]
[PlyCount "41"]
[EventDate "2006.07.12"]

1. c4 e5 2. Nc3 Nf6 3. g3 d5 4. cxd5 Nxd5 5. Bg2 Be6 6. Nf3 Nc6 7. d3 Qd7 8.
O-O Be7 9. Re1 O-O 10. Bd2 Rad8 11. a3 f5 12. Ng5 Nxc3 13. bxc3 Bd5 14. Nf3 a6
15. c4 Bxf3 16. Bxf3 e4 17. Bg2 Kh8 18. Bc3 Bf6 19. Bxf6 Rxf6 20. dxe4 fxe4 21.
Bxe4 1/2-1/2

[Event "5eme Open International de La Fere"]
[Site "La Fere (FRA)"]
[Date "2006.07.12"]
[Round "7.41"]
[White "Bourson, Joel"]
[Black "Bronner, Daniel"]
[Result "1-0"]
[WhiteElo "1600"]
[BlackElo "1811"]
[PlyCount "127"]
[EventDate "2006.07.12"]

1. d4 g6 2. Nf3 Bg7 3. e3 Nf6 4. c3 O-O 5. Nbd2 d6 6. Qc2 Nbd7 7. b3 c5 8. Bb2
cxd4 9. cxd4 d5 10. Rc1 Nb6 11. Qc7 Qxc7 12. Rxc7 e6 13. Ba3 Rd8 14. Ne5 Ne8
15. Rc2 Bxe5 16. dxe5 Bd7 17. Bd3 Rdc8 18. Ke2 Rxc2 19. Bxc2 Bb5+ 20. Kd1 Rc8
21. Nf3 Be2+ 22. Kd2 Bb5 23. Nd4 Bd7 24. Bd3 a6 25. Rc1 Rxc1 26. Bxc1 Kg7 27.
Bb2 Nc7 28. Bc3 Kf8 29. Ba5 Nba8 30. e4 Ke8 31. exd5 Nxd5 32. Be4 b6 33. Bc3
Nac7 34. g3 Nxc3 35. Kxc3 h5 36. h4 Nb5+ 37. Nxb5 Bxb5 38. a4 Bd7 39. Bd3 a5
40. Kd4 Kd8 41. Ba6 Kc7 42. Kc4 Bc6 43. Bb5 Bd5+ 44. Kc3 Kd8 45. b4 Ke7 46.
bxa5 bxa5 47. Kd4 f6 48. f4 Bb3 49. Kc5 fxe5 50. fxe5 Bc2 51. Kb6 Kd8 52. Kxa5
Kc7 53. Be8 Kb7 54. Bf7 Bf5 55. Kb5 Ka7 56. Be8 Bd3+ 57. Ka5 Bc2 58. Bb5 Bb1
59. Bc4 Bf5 60. Kb5 Bg4 61. Kc5 Kb7 62. Kd6 Kb6 63. Bxe6 Bd1 64. Bd7 1-0

[Event "5eme Open International de La Fere"]
[Site "La Fere (FRA)"]
[Date "2006.07.12"]
[Round "7.42"]
[White "Vinckier, Delphine"]
[Black "Vinsard, Cyril"]
[Result "1/2-1/2"]
[WhiteElo "1590"]
[BlackElo "1809"]
[PlyCount "81"]
[EventDate "2006.07.12"]

1. e4 e5 2. Nf3 Nc6 3. d4 exd4 4. Nxd4 Bc5 5. Nxc6 Qf6 6. Qf3 Qxf3 7. gxf3 dxc6
8. Nc3 Be6 9. Bf4 O-O-O 10. Rg1 g6 11. Bd3 Bd4 12. Bg3 Ne7 13. O-O-O Bxc3 14.
bxc3 f6 15. Kb2 g5 16. f4 gxf4 17. Bxf4 Ng6 18. Bg3 Rd7 19. f4 Bg4 20. Rde1 h5
21. e5 f5 22. Rgf1 h4 23. Bf2 Nxf4 24. Bd4 c5 25. e6 Nxd3+ 26. cxd3 cxd4 27.
exd7+ Kxd7 28. cxd4 Kd6 29. Re3 h3 30. Kc3 Rf8 31. Rg3 Re8 32. Rb1 b6 33. a4 a6
34. Rgg1 Re2 35. Rb2 Re6 36. Rbb1 Kd5 37. Rb4 a5 38. Rb5+ Kd6 39. Rbb1 Kd5 40.
Rb5+ Kd6 41. Rbb1 1/2-1/2

[Event "5eme Open International de La Fere"]
[Site "La Fere (FRA)"]
[Date "2006.07.12"]
[Round "7.45"]
[White "Gobeaut, Claudine"]
[Black "Swiercz, Sonia"]
[Result "1/2-1/2"]
[WhiteElo "1537"]
[BlackElo "1707"]
[PlyCount "60"]
[EventDate "2006.07.12"]

1. d4 d5 2. Nf3 Nf6 3. Bf4 Bf5 4. Nbd2 Nc6 5. c3 e6 6. e3 a6 7. Be2 Be7 8. O-O
O-O 9. Ne5 Nxe5 10. dxe5 Ne4 11. Nf3 f6 12. Nd4 fxe5 13. Bxe5 c5 14. Nxf5 exf5
15. f3 Nf6 16. Qc2 Nd7 17. Bg3 Qb6 18. Bf2 Qc7 19. Rad1 Nb6 20. f4 Kh8 21. Bf3
Rad8 22. b3 Bd6 23. Bxd5 Nxd5 24. Rxd5 Bxf4 25. Rxd8 Bxh2+ 26. Kh1 Rxd8 27.
Qxf5 h6 28. Qh3 Bd6 29. Bh4 Re8 30. Qf3 Rf8 1/2-1/2

[Event "5eme Open International de La Fere"]
[Site "La Fere (FRA)"]
[Date "2006.07.12"]
[Round "7.48"]
[White "Gressent, Cedric"]
[Black "Dubois, Emmanuelle"]
[Result "1-0"]
[WhiteElo "1680"]
[BlackElo "1510"]
[PlyCount "41"]
[EventDate "2006.07.12"]

1. f4 d5 2. g3 c5 3. d3 g6 4. Bg2 Bg7 5. Nf3 Nf6 6. O-O O-O 7. Qe1 Nc6 8. a3 b5
9. e4 d4 10. h3 Bb7 11. g4 Nd7 12. Qg3 Qb8 13. Qh4 Bf6 14. Ng5 Bxg5 15. Qxg5 e6
16. f5 Qd8 17. f6 Kh8 18. Qh4 Nce5 19. Bh6 Re8 20. Bg7+ Kg8 21. Qh6 1-0

[Event "5eme Open International de La Fere"]
[Site "La Fere (FRA)"]
[Date "2006.07.12"]
[Round "7.49"]
[White "Wolfangel, Jocelyne"]
[Black "Gobeaut, Benjamin"]
[Result "0-1"]
[WhiteElo "1420"]
[BlackElo "1675"]
[PlyCount "68"]
[EventDate "2006.07.12"]

1. d4 d5 2. c4 e6 3. a3 Nf6 4. Nc3 Be7 5. cxd5 exd5 6. Nf3 O-O 7. e3 Nbd7 8. b4
Re8 9. Be2 Nf8 10. h3 Bf5 11. Bd3 Bxd3 12. Qxd3 c6 13. O-O Bd6 14. Re1 Ne4 15.
Qc2 Ng6 16. Nd2 Nxd2 17. Qxd2 Nh4 18. e4 dxe4 19. Nxe4 Re6 20. Re3 Bf4 21. Qe2
Bxe3 22. Qxe3 Qe7 23. f3 f5 24. Qg5 Nxf3+ 25. gxf3 fxe4 26. Qxe7 Rxe7 27. fxe4
Rxe4 28. Bb2 Rae8 29. Bc3 Re3 30. Rc1 Rxh3 31. Kg2 Ree3 32. Ba1 Reg3+ 33. Kf2
Rg5 34. Bb2 Rh2+ 0-1

[Event "5eme Open International de La Fere"]
[Site "La Fere (FRA)"]
[Date "2006.07.12"]
[Round "7.53"]
[White "Soriano, Jean-Claude"]
[Black "Nicolas, Christian"]
[Result "0-1"]
[WhiteElo "1620"]
[BlackElo "1850"]
[PlyCount "52"]
[EventDate "2006.07.12"]

1. d4 Nf6 2. Nf3 g6 3. c4 c5 4. d5 b5 5. cxb5 a6 6. bxa6 Bxa6 7. Nc3 Bg7 8. g3
d6 9. e3 Bxf1 10. Kxf1 O-O 11. Kg2 Qb6 12. Qc2 Na6 13. a3 Nb4 14. Qb3 Nbxd5 15.
Qxb6 Nxb6 16. Ra2 Rfb8 17. Nd2 Nfd7 18. Rd1 Bxc3 19. bxc3 Na4 20. Rc2 Ne5 21.
f4 Nd3 22. Nc4 Nxc1 23. Rdxc1 Rb3 24. e4 Rab8 25. Kf3 Nb6 26. Rb2 Nxc4 0-1

[Event "5eme Open International de La Fere"]
[Site "La Fere (FRA)"]
[Date "2006.07.13"]
[Round "8.3"]
[White "Waquet, Frederic"]
[Black "Ninov, Nikolai"]
[Result "0-1"]
[WhiteElo "2080"]
[BlackElo "2517"]
[PlyCount "56"]
[EventDate "2006.07.13"]

1. e4 e5 2. Nc3 Nf6 3. f4 d5 4. fxe5 Nxe4 5. d3 Nxc3 6. bxc3 Nc6 7. Nf3 f6 8.
Bf4 Ba3 9. Rb1 O-O 10. e6 b6 11. Be2 Bxe6 12. O-O Bd6 13. Qd2 Qd7 14. d4 Na5
15. Bb5 c6 16. Bd3 Rae8 17. Rbe1 Nc4 18. Qc1 Ba3 19. Qd1 Bg4 20. Bc1 Bd6 21.
Kh1 Bc7 22. Rxe8 Rxe8 23. Re1 Nd6 24. Rxe8+ Qxe8 25. Bf4 Ne4 26. Qc1 Bd8 27.
Qe3 g5 28. Bxe4 Qxe4 0-1

[Event "5eme Open International de La Fere"]
[Site "La Fere (FRA)"]
[Date "2006.07.13"]
[Round "8.6"]
[White "Grigorov, Grigor"]
[Black "Clery, Nicolas"]
[Result "1-0"]
[WhiteElo "2425"]
[BlackElo "2278"]
[PlyCount "93"]
[EventDate "2006.07.13"]

1. d4 Nf6 2. c4 e6 3. Nc3 Bb4 4. Qc2 d5 5. cxd5 exd5 6. Bg5 c5 7. dxc5 h6 8.
Bh4 g5 9. Bg3 Ne4 10. e3 Qa5 11. Nge2 Bf5 12. Be5 O-O 13. Nd4 Re8 14. Bxb8 Nxc3
15. Nxf5 Ne4+ 16. Kd1 Raxb8 17. f3 Red8 18. Bd3 Bxc5 19. Ke2 Rbc8 20. fxe4 dxe4
21. Bc4 Bf8 22. Nd4 b5 23. Bxf7+ Kxf7 24. Qxe4 Kg8 25. Qe6+ Kh8 26. Rac1 Re8
27. Rxc8 Rxe6 28. Rxf8+ Kh7 29. Nxe6 Qxa2 30. Nd4 Qxb2+ 31. Kf3 g4+ 32. Kg3 Qa3
33. Re8 Qd6+ 34. Kf2 b4 35. Re6 Qc7 36. Rd6 Qf7+ 37. Ke2 Qd5 38. Kd3 Qxg2 39.
Ra1 a5 40. Rxa5 Qf1+ 41. Ke4 Qg2+ 42. Kf5 Qf2+ 43. Kxg4 Qg2+ 44. Kf4 Qxh2+ 45.
Ke4 Qg2+ 46. Nf3 Qg4+ 47. Kd3 1-0

[Event "5eme Open International de La Fere"]
[Site "La Fere (FRA)"]
[Date "2006.07.13"]
[Round "8.7"]
[White "Cappon, John"]
[Black "Delorme, Laurie"]
[Result "1/2-1/2"]
[WhiteElo "2231"]
[BlackElo "2068"]
[PlyCount "35"]
[EventDate "2006.07.13"]

1. e4 e5 2. Nc3 Nf6 3. Bc4 Nc6 4. d3 Bb4 5. Bg5 h6 6. Bxf6 Bxc3+ 7. bxc3 Qxf6
8. Ne2 d6 9. O-O g5 10. Ng3 Na5 11. Bb3 Nxb3 12. axb3 Qg6 13. Qh5 Qxh5 14. Nxh5
Ke7 15. Rfe1 Bd7 16. f3 a5 17. Ra3 a4 18. Rea1 1/2-1/2

[Event "5eme Open International de La Fere"]
[Site "La Fere (FRA)"]
[Date "2006.07.13"]
[Round "8.8"]
[White "Achereiner, Guillaume"]
[Black "Dumitrache, Dragos-Nicolae"]
[Result "0-1"]
[WhiteElo "1975"]
[BlackElo "2451"]
[PlyCount "90"]
[EventDate "2006.07.13"]

1. d4 Nf6 2. c4 e6 3. g3 c5 4. d5 exd5 5. cxd5 d6 6. Nc3 g6 7. Nf3 Bg7 8. Bg2
O-O 9. O-O Re8 10. Re1 a6 11. a4 Ne4 12. Qb3 Nd7 13. Nd2 Nxc3 14. bxc3 Ne5 15.
Nc4 Nd3 16. Bg5 Qxg5 17. exd3 Rxe1+ 18. Rxe1 Qd8 19. Nb6 Rb8 20. Nxc8 Qxc8 21.
c4 Qd8 22. Qc2 Bd4 23. Bh3 h5 24. Qe2 Kf8 25. Qf3 Kg7 26. Bf1 Bf6 27. Qf4 Qa5
28. Re2 Rd8 29. Ra2 b5 30. cxb5 axb5 31. d4 c4 32. Qd2 c3 33. Qc2 b4 34. Qb3
Bxd4 35. Bb5 Rc8 36. Bc6 Rc7 37. Re2 Qc5 38. Qa2 Ra7 39. Qb3 Bf6 40. Kf1 Bd8
41. Bb5 Bb6 42. Kg2 Qd4 43. Kf1 Rc7 44. Bc6 h4 45. Qc2 Qc4 0-1

[Event "5eme Open International de La Fere"]
[Site "La Fere (FRA)"]
[Date "2006.07.13"]
[Round "8.9"]
[White "Olarasu, Gabriela"]
[Black "Bessat, Remy"]
[Result "1-0"]
[WhiteElo "2222"]
[BlackElo "1974"]
[PlyCount "57"]
[EventDate "2006.07.13"]

1. d4 Nf6 2. c4 c5 3. d5 b5 4. cxb5 a6 5. bxa6 Bxa6 6. g3 g6 7. Bg2 d6 8. Nf3
Bg7 9. Nc3 O-O 10. O-O Nbd7 11. Qc2 Qc7 12. Rd1 Rfb8 13. h3 Ne8 14. Rb1 Ne5 15.
Nxe5 Bxe5 16. Bd2 Ra7 17. b3 Qd7 18. a4 Rab7 19. e3 c4 20. bxc4 Bxc4 21. Rxb7
Rxb7 22. Rb1 Rxb1+ 23. Nxb1 Qb7 24. Qxc4 Qxb1+ 25. Bf1 Qa2 26. Bc1 Nf6 27. e4
Nxe4 28. Bh6 Nc5 29. Qb5 1-0

[Event "5eme Open International de La Fere"]
[Site "La Fere (FRA)"]
[Date "2006.07.13"]
[Round "8.10"]
[White "Menneveux, Jerome"]
[Black "Houriez, Clement"]
[Result "1-0"]
[WhiteElo "1918"]
[BlackElo "2125"]
[PlyCount "53"]
[EventDate "2006.07.13"]

1. e4 c5 2. Nf3 d6 3. d4 Nf6 4. Nc3 cxd4 5. Nxd4 a6 6. Bc4 e6 7. Bb3 Nbd7 8.
O-O Nc5 9. Bg5 Be7 10. Re1 O-O 11. f4 Bd7 12. f5 Qc7 13. Qf3 b5 14. a3 Nxb3 15.
cxb3 a5 16. Kh1 b4 17. axb4 axb4 18. Rxa8 Rxa8 19. e5 dxe5 20. Qxa8+ Bf8 21.
fxe6 fxe6 22. Bxf6 gxf6 23. Ne4 exd4 24. Nxf6+ Kg7 25. Nxd7 Qxd7 26. Qe4 Kf7
27. Rf1+ 1-0

[Event "5eme Open International de La Fere"]
[Site "La Fere (FRA)"]
[Date "2006.07.13"]
[Round "8.11"]
[White "Ly, Anh-Dao"]
[Black "Oprandi, William"]
[Result "1-0"]
[WhiteElo "2116"]
[BlackElo "1580"]
[PlyCount "57"]
[EventDate "2006.07.13"]

1. e4 c5 2. Nc3 Nc6 3. g3 g6 4. Bg2 Bg7 5. d3 d6 6. Be3 Nf6 7. Nge2 O-O 8. Qc1
Bg4 9. h3 Bd7 10. O-O Qc8 11. Kh2 a6 12. Nd5 Nxd5 13. exd5 Na5 14. Bd2 b6 15.
Bc3 Rb8 16. Qe3 e6 17. Bxg7 Kxg7 18. dxe6 Bxe6 19. c4 Re8 20. Qd2 Nc6 21. b3
Nb4 22. Rad1 Qd7 23. a3 Nc6 24. d4 cxd4 25. Nxd4 Na5 26. Rfe1 Rbd8 27. Nxe6+
Rxe6 28. Qd4+ Kg8 29. Qxb6 1-0

[Event "5eme Open International de La Fere"]
[Site "La Fere (FRA)"]
[Date "2006.07.13"]
[Round "8.12"]
[White "Nevednichy, Alexandra"]
[Black "Marchal, Jeremy"]
[Result "0-1"]
[WhiteElo "1099"]
[BlackElo "2096"]
[PlyCount "40"]
[EventDate "2006.07.13"]

1. e4 c5 2. Nc3 e6 3. d3 a6 4. a4 Nc6 5. Nf3 d6 6. g3 Nf6 7. Bg2 Be7 8. O-O d5
9. exd5 exd5 10. d4 c4 11. Re1 O-O 12. Ne5 Bf5 13. Bf4 Re8 14. Rc1 Be6 15. b3
cxb3 16. cxb3 Ba3 17. Rc2 Bf5 18. Ra2 Bb4 19. Re3 Qa5 20. Qf3 Nxd4 0-1